The herbarium handbook
The standard reference for all botanists, herbarium managers and technicians involved with the making and maintenance of herbarium collections. Many figures and text illustrations. A translation of the English 3rd edition, published in 1998.
Zapisane w:
| Format: | Książka |
|---|---|
| Język: | Undetermined |
| Wydane: |
Kew
Royal Botanic Gardens
1992
|
| Hasła przedmiotowe: | |
| Etykiety: |
Dodaj etykietę
Nie ma etykietki, Dołącz pierwszą etykiete!
|
| Thư viện lưu trữ: | Trung tâm Học liệu Trường Đại học Cần Thơ |
|---|
| LEADER | 00774nam a2200193Ia 4500 | ||
|---|---|---|---|
| 001 | CTU_141592 | ||
| 008 | 210402s9999 xx 000 0 und d | ||
| 082 | |a 580.742 | ||
| 082 | |b H534 | ||
| 245 | 4 | |a The herbarium handbook | |
| 245 | 0 | |c Diane Bridson and Leonard Forman | |
| 260 | |a Kew | ||
| 260 | |b Royal Botanic Gardens | ||
| 260 | |c 1992 | ||
| 520 | |a The standard reference for all botanists, herbarium managers and technicians involved with the making and maintenance of herbarium collections. Many figures and text illustrations. A translation of the English 3rd edition, published in 1998. | ||
| 650 | |a Herbaria,Botanical specimens | ||
| 650 | |x Collection and preservation | ||
| 904 | |i Bạch Trúc | ||
| 980 | |a Trung tâm Học liệu Trường Đại học Cần Thơ | ||